[Event "26. Obert Vila de Sant Boi 2014"]
[Site "Sant Boi de Llobregat ESP"]
[Date "2014.06.06"]
[Round "8.5"]
[White "Blasco Coll, Andreu"]
[Black "Povill Claros, Xavier"]
[Result "1-0"]
[WhiteElo "2182"]
[BlackElo "2061"]
[PlyCount "57"]
[EventDate "2014.04.04"]
[EventType "swiss"]
[EventRounds "9"]
[EventCountry "ESP"]
[Source "lmi"]
[SourceDate "2014.04.04"]

1. d4 Nf6 2. c4 e6 3. Nc3 Bb4 4. e3 b6 5. Nge2 Ne4 6. Bd2 Nxd2 7. Qxd2 Bb7 8.
a3 Bxc3 9. Nxc3 f5 10. d5 O-O 11. Be2 d6 12. dxe6 Bxg2 13. Rg1 Bb7 14. Nd5 Bxd5
15. Qxd5 c6 16. Qd4 Qf6 17. O-O-O Na6 18. Qxf6 Rxf6 19. Rxd6 c5 20. Rd7 g6 21.
Bf3 Re8 22. Rxa7 Nb8 23. Rb7 Kh8 24. e7 f4 25. Rd1 Nc6 26. Bxc6 Rxc6 27. Rd8
Rc8 28. Rxc8 Rxc8 29. Rd7 1-0

[Event "26. Obert Vila de Sant Boi 2014"]
[Site "Sant Boi de Llobregat ESP"]
[Date "2014.06.06"]
[Round "8.6"]
[White "De Figueiredo Coutinho Filho"]
[Black "Prats Alonso, Oscar"]
[Result "1-0"]
[WhiteElo "1817"]
[BlackElo "2114"]
[PlyCount "93"]
[EventDate "2014.04.04"]
[EventType "swiss"]
[EventRounds "9"]
[EventCountry "ESP"]
[Source "lmi"]
[SourceDate "2014.04.04"]

1. d4 Nf6 2. c4 g6 3. Nc3 Bg7 4. e4 d6 5. Nf3 O-O 6. Be2 e5 7. Be3 Nc6 8. d5
Ne7 9. Nd2 Nd7 10. b4 f5 11. f3 f4 12. Bf2 a5 13. bxa5 Rxa5 14. Nb3 Ra8 15. c5
b6 16. cxd6 cxd6 17. Nb5 Nc5 18. Bxc5 bxc5 19. O-O Ba6 20. a4 Nc8 21. Nd2 Rf7
22. Qc2 Bf8 23. Nc4 Nb6 24. Na5 Nxd5 25. Nc6 Ne3 26. Nxd8 Nxc2 27. Nxf7 Nxa1
28. Nxe5 Nc2 29. Rc1 Nd4 30. Bc4+ Kg7 31. Nd7 Bc8 32. Nb6 Rb8 33. a5 Ba6 34.
Rb1 Nc2 35. Bf1 Nb4 36. Nc7 Bxf1 37. Kxf1 Rb7 38. Ne6+ Kg8 39. Nc4 Ra7 40. Nd8
Rd7 41. Ne6 Be7 42. Nxf4 Bf6 43. Nd5 Nxd5 44. exd5 Bc3 45. Rb8+ Kf7 46. a6 Kf6
47. Rb7 1-0

[Event "26. Obert Vila de Sant Boi 2014"]
[Site "Sant Boi de Llobregat ESP"]
[Date "2014.06.06"]
[Round "8.7"]
[White "Muñoz De La Orden, David"]
[Black "Povill Batlle, Ramon"]
[Result "0-1"]
[WhiteElo "2149"]
[BlackElo "1994"]
[PlyCount "89"]
[EventDate "2014.04.04"]
[EventType "swiss"]
[EventRounds "9"]
[EventCountry "ESP"]
[Source "lmi"]
[SourceDate "2014.04.04"]

1. e4 e5 2. Nf3 Nc6 3. Bb5 a6 4. Ba4 Nf6 5. d3 b5 6. Bb3 Be7 7. O-O O-O 8. c3
d6 9. Nbd2 Na5 10. Bc2 Bg4 11. Re1 c5 12. Nf1 Nc6 13. Ng3 b4 14. h3 Be6 15. d4
Bd7 16. Be3 bxc3 17. bxc3 Rb8 18. Bb3 Qc7 19. Rc1 Na5 20. Bc2 Nc4 21. Nf5 Bxf5
22. exf5 e4 23. Nh2 Nb2 24. Qe2 c4 25. Bf4 Nd3 26. Bxd3 cxd3 27. Qd2 Qc6 28. f3
d5 29. Bxb8 Rxb8 30. Ng4 Ba3 31. Rb1 Re8 32. Nxf6+ Qxf6 33. fxe4 dxe4 34. Qf4
g5 35. Qf2 Bd6 36. Rbd1 Re7 37. g3 h5 38. Re3 h4 39. gxh4 Bf4 40. Ree1 e3 41.
Qf3 Qxf5 42. Qg4 Qxg4+ 43. hxg4 Bg3 44. Rb1 Bxe1 45. Rxe1 0-1

[Event "26. Obert Vila de Sant Boi 2014"]
[Site "Sant Boi de Llobregat ESP"]
[Date "2014.06.06"]
[Round "8.8"]
[White "Cardenas, Fernando Adrian"]
[Black "Gaona Gonzalez, Gerard"]
[Result "0-1"]
[WhiteElo "2020"]
[BlackElo "2103"]
[PlyCount "114"]
[EventDate "2014.04.04"]
[EventType "swiss"]
[EventRounds "9"]
[EventCountry "ESP"]
[Source "lmi"]
[SourceDate "2014.04.04"]

1. Nf3 d6 2. d4 Nf6 3. c4 Nbd7 4. g3 e5 5. Bg2 Be7 6. O-O O-O 7. Nc3 c6 8. h3
Qc7 9. e4 Re8 10. Be3 Bf8 11. Rc1 h6 12. d5 c5 13. Ne1 a6 14. Qd2 Kh7 15. Nd3
g6 16. f4 Bg7 17. f5 Rf8 18. g4 Nb6 19. Ne2 Bd7 20. Ng3 Nc8 21. Bf3 Ng8 22. Kg2
Qd8 23. b4 b6 24. bxc5 bxc5 25. Rb1 Nce7 26. Rb3 Qc7 27. h4 Rab8 28. g5 gxf5
29. exf5 Nxf5 30. Be4 Nge7 31. Nxc5 Rxb3 32. Nxd7 Rxe3 33. Qxe3 Qxd7 34. Nxf5
Ng6 35. Nxh6 Bxh6 36. Bf5 Qe7 37. Rh1 Kg8 38. Bxg6 fxg6 39. gxh6 Rf4 40. Qg3
Qf6 41. Rb1 Qf5 42. Rb8+ Kh7 43. Rb7+ Kxh6 44. Qg5+ Qxg5+ 45. hxg5+ Kxg5 46.
Rb6 Rxc4 47. Rxa6 Kg4 48. Rxd6 Rc2+ 49. Kf1 g5 50. a4 Rc4 51. a5 Rc5 52. a6 Ra5
53. Ke2 Kf4 54. Rf6+ Ke4 55. d6 Ra2+ 56. Kf1 Rxa6 57. d7 Rxf6+ 0-1

[Event "26. Obert Vila de Sant Boi 2014"]
[Site "Sant Boi de Llobregat ESP"]
[Date "2014.06.06"]
[Round "8.9"]
[White "Bonay Toscas, Santiago"]
[Black "Romeu Perulles, Jaume"]
[Result "1/2-1/2"]
[WhiteElo "2027"]
[BlackElo "2060"]
[PlyCount "87"]
[EventDate "2014.04.04"]
[EventType "swiss"]
[EventRounds "9"]
[EventCountry "ESP"]
[Source "lmi"]
[SourceDate "2014.04.04"]

1. d4 f5 2. Nc3 Nf6 3. Bg5 e6 4. e4 fxe4 5. Nxe4 Be7 6. Bxf6 Bxf6 7. Nxf6+ Qxf6
8. Nf3 O-O 9. Bd3 b6 10. O-O Bb7 11. Ne1 d6 12. c3 Nd7 13. Qc2 Qh6 14. Be4 d5
15. Bf3 c5 16. Rd1 Rf6 17. Qa4 Nf8 18. Nd3 cxd4 19. Qxd4 Ng6 20. Rfe1 Raf8 21.
Ne5 Rf4 22. Qd2 Nh4 23. Bg4 Rxf2 24. Qxh6 Rxg2+ 25. Kh1 gxh6 26. Bxe6+ Kh8 27.
Bxd5 Bxd5 28. Rxd5 Rff2 29. Rd8+ Kg7 30. Rg1 Rxg1+ 31. Kxg1 Rxb2 32. Rd4 Nf5
33. Ra4 a5 34. c4 Ne3 35. c5 bxc5 36. Rxa5 c4 37. Rc5 Rc2 38. a4 c3 39. Nf3 Nd1
40. a5 Ra2 41. Nd4 Ra1 42. Kg2 Ra2+ 43. Kg3 Rd2 44. Nf3 1/2-1/2

[Event "26. Obert Vila de Sant Boi 2014"]
[Site "Sant Boi de Llobregat ESP"]
[Date "2014.06.13"]
[Round "9.1"]
[White "Nieto Farreny, Francesc"]
[Black "Bada Navarra, Jordi"]
[Result "1/2-1/2"]
[WhiteElo "2285"]
[BlackElo "2201"]
[PlyCount "114"]
[EventDate "2014.04.04"]
[EventType "swiss"]
[EventRounds "9"]
[EventCountry "ESP"]
[Source "lmi"]
[SourceDate "2014.04.04"]

1. d4 e6 2. c4 f5 3. g3 Nf6 4. Bg2 d5 5. Nd2 c6 6. Nh3 Bd6 7. O-O O-O 8. Nf3
Ne4 9. Bf4 Be7 10. Ne5 Nd7 11. Qb3 Nxe5 12. dxe5 Nc5 13. Qc2 g5 14. Be3 Nd7 15.
f4 g4 16. Nf2 Nb6 17. cxd5 cxd5 18. b3 Bd7 19. Rfc1 Ba3 20. Rd1 Bb5 21. Qd2 Qe7
22. Nd3 Rfc8 23. Bd4 Rc6 24. Bf1 Bxd3 25. Qxd3 Qb4 26. Qd2 Rac8 27. Qxb4 Bxb4
28. e3 Bc3 29. Bxc3 Rxc3 30. Bd3 Nd7 31. Kf2 Nc5 32. Ke2 Kf7 33. Rd2 h5 34.
Rad1 h4 35. b4 Na4 36. gxh4 Rh8 37. Bxf5 exf5 38. Rxd5 Rc7 39. Rd7+ Rxd7 40.
Rxd7+ Ke6 41. Rxb7 Rxh4 42. Rxa7 Rxh2+ 43. Kf1 Nc3 44. Ra6+ Ke7 45. Kg1 Rb2 46.
Ra7+ Ke6 47. Ra6+ Kd7 48. Ra7+ Ke8 49. Ra8+ Ke7 50. Ra7+ Ke6 51. Ra6+ Kd5 52.
e6 Rxb4 53. e7 Re4 54. Ra5+ Kd6 55. Rxf5 Rxe7 56. Rg5 Nxa2 57. Kf2 Nc3 1/2-1/2

[Event "26. Obert Vila de Sant Boi 2014"]
[Site "Sant Boi de Llobregat ESP"]
[Date "2014.06.13"]
[Round "9.2"]
[White "Blasco Coll, Andreu"]
[Black "Nadal Fajardo, Ricard"]
[Result "0-1"]
[WhiteElo "2182"]
[BlackElo "2141"]
[PlyCount "110"]
[EventDate "2014.04.04"]
[EventType "swiss"]
[EventRounds "9"]
[EventCountry "ESP"]
[Source "lmi"]
[SourceDate "2014.04.04"]

1. d4 Nf6 2. c4 c6 3. Nc3 d5 4. Nf3 e6 5. Bg5 Be7 6. e3 Nbd7 7. Bd3 O-O 8. O-O
dxc4 9. Bxc4 b5 10. Bd3 a6 11. Rc1 Bb7 12. e4 c5 13. e5 Nd5 14. Bxe7 Qxe7 15.
Nxd5 Bxd5 16. dxc5 Nxc5 17. Bb1 Rfc8 18. Re1 g6 19. Qe2 Na4 20. Qd2 Bxf3 21.
gxf3 Rxc1 22. Qxc1 Rd8 23. b3 Nb6 24. Be4 Qd7 25. Kf1 Nd5 26. Qd2 Qc7 27. Qg5
Qe7 28. Qxe7 Nxe7 29. Ke2 Nd5 30. Rc1 b4 31. Bxd5 Rxd5 32. f4 g5 33. Rg1 h6 34.
h4 Ra5 35. fxg5 Rxa2+ 36. Kd3 Rxf2 37. gxh6+ Kh7 38. Rg4 a5 39. Kc4 Kxh6 40.
Rg3 Rc2+ 41. Kd4 Ra2 42. Rf3 Kg7 43. Kc4 Re2 44. Kd4 Rh2 45. Rf4 Rh3 46. Kc4
Rc3+ 47. Kb5 Rxb3 48. Kxa5 Re3 49. Kxb4 Rxe5 50. Kc4 Rd5 51. Rf1 Kg6 52. Rf4
Rf5 53. Re4 Kh5 54. Kd4 Ra5 55. Ke3 Ra3+ 0-1

[Event "26. Obert Vila de Sant Boi 2014"]
[Site "Sant Boi de Llobregat ESP"]
[Date "2014.06.13"]
[Round "9.3"]
[White "Gaona Gonzalez, Gerard"]
[Black "De Figueiredo Coutinho Filho"]
[Result "1/2-1/2"]
[WhiteElo "2103"]
[BlackElo "1817"]
[PlyCount "80"]
[EventDate "2014.04.04"]
[EventType "swiss"]
[EventRounds "9"]
[EventCountry "ESP"]
[Source "lmi"]
[SourceDate "2014.04.04"]

1. e4 c5 2. Nf3 a6 3. d3 e6 4. g3 Nc6 5. Bg2 Be7 6. O-O b5 7. Re1 Bb7 8. Nbd2
Nf6 9. Nf1 h5 10. h4 Ng4 11. N1h2 g6 12. Qe2 Qb6 13. c3 Nge5 14. Nxe5 Nxe5 15.
f4 Nc6 16. Nf3 O-O-O 17. Be3 d5 18. exd5 exd5 19. d4 Rhe8 20. Qf2 cxd4 21. Nxd4
Bc5 22. b4 Bxd4 23. Bxd4 Nxd4 24. cxd4 Rxe1+ 25. Rxe1 Qc6 26. Qe3 Kb8 27. Rc1
Re8 28. Qd2 Qe6 29. Kf2 Qf5 30. Re1 Rc8 31. Rc1 Rxc1 32. Qxc1 Qd3 33. Qc5 Qd2+
34. Kg1 Qxa2 35. Qf8+ Ka7 36. Qc5+ Kb8 37. Qd6+ Ka7 38. Qc5+ Kb8 39. Qd6+ Ka8
40. Qf8+ Ka7 1/2-1/2

[Event "26. Obert Vila de Sant Boi 2014"]
[Site "Sant Boi de Llobregat ESP"]
[Date "2014.06.13"]
[Round "9.4"]
[White "Sanchez Lopez, Juan M"]
[Black "Carreño Riera, Carles"]
[Result "1-0"]
[WhiteElo "2290"]
[BlackElo "2074"]
[PlyCount "50"]
[EventDate "2014.04.04"]
[EventType "swiss"]
[EventRounds "9"]
[EventCountry "ESP"]
[Source "lmi"]
[SourceDate "2014.04.04"]

1. c4 e5 2. Nc3 Nc6 3. g3 Nf6 4. Bg2 Nd4 5. e3 Ne6 6. Nge2 c6 7. O-O Be7 8. d4
d6 9. d5 cxd5 10. Nxd5 Nxd5 11. Qxd5 O-O 12. Nc3 a6 13. b3 Kh8 14. Ba3 f5 15.
Rfd1 Rf6 16. Bxd6 e4 17. Qe5 Bxd6 18. Rxd6 Qf8 19. Rad1 h5 20. Nd5 Rh6 21. Nc7
Qf7 22. Nxa8 h4 23. Nc7 Qxc7 24. Rxe6 Qxe5 25. Rxe5 Kh7 1-0

[Event "26. Obert Vila de Sant Boi 2014"]
[Site "Sant Boi de Llobregat ESP"]
[Date "2014.06.13"]
[Round "9.5"]
[White "Povill Batlle, Ramon"]
[Black "Langa Ramiro, Ricard"]
[Result "0-1"]
[WhiteElo "1994"]
[BlackElo "2150"]
[PlyCount "84"]
[EventDate "2014.04.04"]
[EventType "swiss"]
[EventRounds "9"]
[EventCountry "ESP"]
[Source "lmi"]
[SourceDate "2014.04.04"]

1. e4 Nf6 2. e5 Nd5 3. d4 d6 4. Nf3 Nb6 5. c4 g6 6. Nc3 Bg7 7. exd6 cxd6 8. Be2
O-O 9. O-O Nc6 10. Be3 d5 11. Rc1 dxc4 12. Ne4 Bg4 13. Ned2 Qd5 14. h3 Bf5 15.
Nxc4 Nxc4 16. Bxc4 Qa5 17. Bd2 Qb6 18. Nh4 Nxd4 19. Bc3 Rad8 20. Qe1 Bc8 21.
Ba5 Qf6 22. Bxd8 Rxd8 23. Qe4 e5 24. Kh2 Bh6 25. Rc3 b5 26. Bb3 b4 27. Rd3 Ba6
28. Rfd1 Bxd3 29. Rxd3 Bf4+ 30. g3 Qxh4 31. gxf4 Qxf4+ 32. Qxf4 exf4 33. Kg2
Kg7 34. Bc4 f5 35. a3 a5 36. a4 Kf6 37. b3 Ne6 38. h4 Rxd3 39. Bxd3 Ke5 40. Bc4
h6 41. Kf3 Nd4+ 42. Kg2 g5 0-1

[Event "26. Obert Vila de Sant Boi 2014"]
[Site "Sant Boi de Llobregat ESP"]
[Date "2014.06.13"]
[Round "9.6"]
[White "Prats Alonso, Oscar"]
[Black "Bonay Toscas, Santiago"]
[Result "1/2-1/2"]
[WhiteElo "2114"]
[BlackElo "2027"]
[PlyCount "60"]
[EventDate "2014.04.04"]
[EventType "swiss"]
[EventRounds "9"]
[EventCountry "ESP"]
[Source "lmi"]
[SourceDate "2014.04.04"]

1. e4 d5 2. Nc3 d4 3. Nce2 e5 4. Nf3 Nc6 5. Ng3 Be6 6. Bb5 Bd6 7. O-O a6 8. Ba4
b5 9. Bb3 Bxb3 10. axb3 Nge7 11. d3 O-O 12. h4 h6 13. h5 f5 14. c3 f4 15. Ne2
Qe8 16. cxd4 Qxh5 17. dxe5 Nxe5 18. Nxe5 Bxe5 19. f3 Nc6 20. Bd2 Bxb2 21. Qc2
Bxa1 22. Qxc6 Qe5 23. Bxf4 Bd4+ 24. Kh2 Qh5+ 25. Kg3 Bb6 26. d4 Rad8 27. Be5
Qg5+ 28. Kh2 Qh5+ 29. Kg3 Qg5+ 30. Kh2 Qh5+ 1/2-1/2

[Event "26. Obert Vila de Sant Boi 2014"]
[Site "Sant Boi de Llobregat ESP"]
[Date "2014.06.13"]
[Round "9.7"]
[White "Povill Claros, Xavier"]
[Black "Valarezzo Ricard, Pedro"]
[Result "0-1"]
[WhiteElo "2061"]
[BlackElo "2004"]
[PlyCount "112"]
[EventDate "2014.04.04"]
[EventType "swiss"]
[EventRounds "9"]
[EventCountry "ESP"]
[Source "lmi"]
[SourceDate "2014.04.04"]

1. e4 d5 2. exd5 Qxd5 3. Nc3 Qd6 4. Bc4 c6 5. d3 Nf6 6. Bd2 Bg4 7. f3 Be6 8.
Bxe6 Qxe6+ 9. Qe2 Qxe2+ 10. Ngxe2 Nbd7 11. Ng3 e6 12. O-O-O O-O-O 13. Nge4 Be7
14. h4 Nxe4 15. fxe4 Nf6 16. Rdf1 Rhf8 17. Bg5 Rd7 18. e5 Ng4 19. Bxe7 Rxe7 20.
d4 Rd8 21. Rf4 h5 22. Ne4 Kc7 23. Nd6 Rdd7 24. Rhf1 Nh6 25. c4 Nf5 26. c5 g6
27. R1f3 Rd8 28. b4 a6 29. a4 Ra8 30. Kc2 Rd7 31. Kd3 b5 32. Ke4 Kd8 33. Ra3
Rda7 34. g4 hxg4 35. Rxg4 bxa4 36. h5 Nxd6+ 37. cxd6 gxh5 38. Rh4 Kd7 39. Rf3
Rf8 40. Rxh5 Rb7 41. Rh7 Ke8 42. Rc3 f5+ 43. exf6 Rxh7 44. Rxc6 Rxf6 45. Rc8+
Kd7 46. Rc7+ Kxd6 47. Rxh7 Kc6 48. Ke5 Rg6 49. Ra7 Kb5 50. Rb7+ Kc4 51. Ra7
Kxb4 52. Rxa6 Rg5+ 53. Ke4 a3 54. Rb6+ Rb5 55. Rc6 a2 56. Rc1 Kb3 0-1

[Event "26. Obert Vila de Sant Boi 2014"]
[Site "Sant Boi de Llobregat ESP"]
[Date "2014.06.13"]
[Round "9.8"]
[White "Ramos Roldan, Miquel Angel"]
[Black "Romeu Perulles, Jaume"]
[Result "1/2-1/2"]
[WhiteElo "2003"]
[BlackElo "2060"]
[PlyCount "23"]
[EventDate "2014.04.04"]
[EventType "swiss"]
[EventRounds "9"]
[EventCountry "ESP"]
[Source "lmi"]
[SourceDate "2014.04.04"]

1. e4 e5 2. Nf3 Nf6 3. Bc4 Nxe4 4. Qe2 d5 5. Nxe5 Be7 6. d4 O-O 7. Bd3 Nf6 8.
O-O Re8 9. Bg5 c5 10. Bxf6 Bxf6 11. Bxh7+ Kxh7 12. Qh5+ 1/2-1/2

[Event "26. Obert Vila de Sant Boi 2014"]
[Site "Sant Boi de Llobregat ESP"]
[Date "2014.06.13"]
[Round "9.9"]
[White "Casasampera Boada, Joaquim"]
[Black "Ros Alonso, Jaume"]
[Result "0-1"]
[WhiteElo "1990"]
[BlackElo "2038"]
[PlyCount "52"]
[EventDate "2014.04.04"]
[EventType "swiss"]
[EventRounds "9"]
[EventCountry "ESP"]
[Source "lmi"]
[SourceDate "2014.04.04"]

1. Nf3 Nf6 2. c4 g6 3. b4 Bg7 4. Bb2 O-O 5. g3 d5 6. cxd5 Nxd5 7. Bxg7 Kxg7 8.
Qb3 a5 9. bxa5 c5 10. Bg2 Nc6 11. Nc3 e6 12. Nxd5 exd5 13. O-O Rxa5 14. d3 Re8
15. e3 Kg8 16. Nd2 Re5 17. Nf3 Re7 18. Nd2 Be6 19. Qb2 Qa8 20. Rfc1 Nb4 21. Nb3
Nxd3 22. Qf6 Rd7 23. Nxa5 Nxc1 24. Nxb7 Rxb7 25. Rxc1 Qxa2 26. Bxd5 Qxd5 0-1

[Event "26. Obert Vila de Sant Boi 2014"]
[Site "Sant Boi de Llobregat ESP"]
[Date "2014.06.13"]
[Round "9.10"]
[White "Ferrer Got, Juan"]
[Black "Castells Pagan, Raul"]
[Result "1-0"]
[WhiteElo "2029"]
[BlackElo "1963"]
[PlyCount "82"]
[EventDate "2014.04.04"]
[EventType "swiss"]
[EventRounds "9"]
[EventCountry "ESP"]
[Source "lmi"]
[SourceDate "2014.04.04"]

1. e4 c5 2. Nf3 Nc6 3. d4 cxd4 4. Nxd4 Nf6 5. Nc3 e5 6. Nxc6 bxc6 7. Bc4 Bb7 8.
Bg5 Be7 9. Bxf6 Bxf6 10. Qd6 Qb8 11. Qd3 d6 12. Rd1 Be7 13. O-O O-O 14. Qg3 Bc8
15. Bb3 Be6 16. f4 Bxb3 17. axb3 exf4 18. Qxf4 Qb4 19. Qf5 Bf6 20. Rf3 Rae8 21.
Rfd3 Be5 22. Qf2 Qb6 23. Ra1 Qxf2+ 24. Kxf2 f5 25. exf5 Rxf5+ 26. Rf3 Bd4+ 27.
Kf1 Ref8 28. Ke2 Rxf3 29. gxf3 Rf7 30. Rf1 Be5 31. h3 Rf4 32. Nd1 Kf7 33. Nf2
Rh4 34. c3 Ke6 35. Rh1 d5 36. Ra1 Bb8 37. Rg1 g6 38. Rg4 Rxg4 39. hxg4 Bf4 40.
Nd3 Bh2 41. b4 Bg1 1-0